Observation on piglet diarrhea during breast-feeds at preyphdov village, trapankorng commune, samrongtong district, kampong speu province; ការអង្កេតពីជំងឺរាកកូនជ្រូកអំឡុងពេលបៅដោះនៅភូមិព្រៃផ្ដៅ ឃុំត្រពាំងគង ស្រុកសមរោងទង ខេត្តកំពង់ស្ពឺ (Record no. 7322)

000 -LEADER
fixed length control field 00792nam a22001337a 4500
040 ## - CATALOGING SOURCE
Transcribing agency RUA
082 ## - DEWEY DECIMAL CLASSIFICATION NUMBER
Classification number VEM CHH 2014 B443 Or.1
100 ## - MAIN ENTRY--AUTHOR NAME
Personal name CHHIM SOPHY;​ ឈឹម សុភី
245 ## - TITLE STATEMENT
Title Observation on piglet diarrhea during breast-feeds at preyphdov village, trapankorng commune, samrongtong district, kampong speu province; ការអង្កេតពីជំងឺរាកកូនជ្រូកអំឡុងពេលបៅដោះនៅភូមិព្រៃផ្ដៅ ឃុំត្រពាំងគង ស្រុកសមរោងទង ខេត្តកំពង់ស្ពឺ
260 ## - PUBLICATION, DISTRIBUTION, ETC. (IMPRINT)
Place of publication Phnom Penh
Name of publisher RUA
Year of publication 2014
300 ## - PHYSICAL DESCRIPTION
Number of Pages x;42p.
Other physical details ill.
Dimensions 29cm.
856 ## - ELECTRONIC LOCATION AND ACCESS
Uniform Resource Identifier https://drive.google.com/file/d/1H3UwZF8yORzaZqVGtLTiJNbgnZhg7iOA/view?usp=sharing
942 ## - ADDED ENTRY ELEMENTS (KOHA)
Koha item type VEM
952 ## - LOCATION AND ITEM INFORMATION (KOHA)
Withdrawn status [LOCAL, KOHA] 0
952 ## - LOCATION AND ITEM INFORMATION (KOHA)
Withdrawn status [LOCAL, KOHA] 0
952 ## - LOCATION AND ITEM INFORMATION (KOHA)
Withdrawn status [LOCAL, KOHA] 0
952 ## - LOCATION AND ITEM INFORMATION (KOHA)
Withdrawn status [LOCAL, KOHA] 0
952 ## - LOCATION AND ITEM INFORMATION (KOHA)
Withdrawn status [LOCAL, KOHA] 0
952 ## - LOCATION AND ITEM INFORMATION (KOHA)
Withdrawn status [LOCAL, KOHA] 0
952 ## - LOCATION AND ITEM INFORMATION (KOHA)
Withdrawn status [LOCAL, KOHA] 0
952 ## - LOCATION AND ITEM INFORMATION (KOHA)
Withdrawn status [LOCAL, KOHA] 0
952 ## - LOCATION AND ITEM INFORMATION (KOHA)
Withdrawn status [LOCAL, KOHA] 0
952 ## - LOCATION AND ITEM INFORMATION (KOHA)
Withdrawn status [LOCAL, KOHA] 0
Holdings
Permanent Location Date acquired Koha item type Lost status Shelving location Barcode Current Location Full call number
Library Block B2016-03-02VEM B443RUA054548Library Block BVEM CHH 2014 B443 Or.1
Library Block B2016-03-02VEM B443RUA054488Library Block BVEM CHH 2014 B443 Or.2
Library Block B2016-03-02VEM B443RUA054313Library Block BVEM CHH 2014 B443 Or.3
Library Block B2016-03-02VEM B443RUA054428Library Block BVEM CHH 2014 B443 Or.4
Library Block B2016-03-02VEM B443RUA054255Library Block BVEM CHH 2014 B443 Or.5
Library Block B2016-03-02VEM B443RUA054497Library Block BVEM CHH 2014 B443 Or.6
Library Block B2016-03-02VEM B443RUA054244Library Block BVEM CHH 2014 B443 Or.7
Library Block B2016-03-02VEM B443RUA054430Library Block BVEM CHH 2014 B443 Or.8
Library Block B2021-11-08VEM B690a065727Library Block BVEM CHH 2014 B690 Or.1
Library Block B2021-11-08VEM B690a065918Library Block BVEM CHH 2014 B690 Or.
មជ្ឈមណ្ឌលឯការនៃសាកលវិទ្យាល័យភូមិន្ទកសិកម្មចំការដូង

Powered by Koha